000 00504nam a22001817a 4500
999 _c154994
_d154994
005 20190305132912.0
010 _aB-214531, B-214536
016 _aB-214531
020 _a9780143029564
_c200.00
035 _aB-214531,B-214536, B-214533
082 _aN
100 _aRahman rita
245 _aloves perfumes a novel
_cby Rita rahman
260 _aNew Delhi
_bPenguin books
_c2003
300 _a134p.
_c24 cm. (Hb)
942 _adpl
_cEN
_kR / RIT
_2ddc
_hN
_mRIT